01034nam a2200265Ia 4500001001200000003000800012006001900020007001500039008004100054020001800095020002600113040002100139035002100160050002600181100002000207245005900227260003200286300001900318533015200337650005600489651005100545655002900596710001700625856012600642ebr10597164CaPaEBRm u cr cn|||||||||120918s2012 at a s 000 0 eng d z9781742233253 z9781742246017 (ebook) aCaPaEBRcCaPaEBR a(OCoLC)78150754314aDU398.A45bH64 2012eb1 aHogan, Eleanor.10aAlice Springsh[electronic resource] /cEleanor Hogan. aSydney :bNew South,c2012. a325 p. :bill. aElectronic reproduction.bPalo Alto, Calif. :cebrary,d2011.nAvailable via World Wide Web.nAccess may be limited to ebrary affiliated libraries. 0aIndigenous peopleszAustraliazAlice Springs (N.T.) 0aAlice Springs (N.T.)xSocial life and customs. 7aElectronic books.2local2 aebrary, Inc.40uhttp://site.ebrary.com/lib/rucke/Doc?id=10597164zAn electronic book accessible through the World Wide Web; click to view